Normal view
MARC view
Entry Personal Name
001 - CONTROL NUMBER
- control field: 82341
003 - CONTROL NUMBER IDENTIFIER
- control field: dpl
005 - DATE AND TIME OF LATEST TRANSACTION
- control field: 20250625130657.0
008 - FIXED-LENGTH DATA ELEMENTS
- fixed length control field: 250625|| aca||aabn | a|a d
040 ## - CATALOGING SOURCE
- Original cataloging agency: dpl
- Transcribing agency: dpl
100 ## - HEADING--PERSONAL NAME
- Personal name: Jayakrishna sanapa
670 ## - SOURCE DATA FOUND
- Source citation: Work cat.: (dpl)209378: Jayakrishna sanapa, World geography /, 2024
